Normal görünüm
MARC görünümü
Giriş Personal Name
001 - CONTROL NUMBER
- control field: 2644
003 - CONTROL NUMBER IDENTIFIER
- control field: TR-AnBAT
005 - DATE AND TIME OF LATEST TRANSACTION
- control field: 20251125121716.0
008 - FIXED-LENGTH DATA ELEMENTS
- fixed length control field: 251125|| aca||aabn | a|a d
040 ## - CATALOGING SOURCE
- Original cataloging agency: TR-AnBAT
- Transcribing agency: TR-AnBAT
100 ## - HEADING--PERSONAL NAME
- Personal name: Binyazar, Adnan
670 ## - SOURCE DATA FOUND
- Source citation: Koha: (TR-AnBAT)9629: Binyazar, Adnan,, Ölümün gölgesi yok /, 2020
